Southville International School and Colleges
Your cart is empty.
  • Cart
  • Lists
    Public lists Eva Luna New books Lux_list list_1
    Your lists Log in to create your own lists
  • Log in to your account
  • Your cookies
  • Search history
Southville International School and Colleges
  • Advanced search
  • Recent comments
  • Most popular
  • Libraries

Log in to your account

Log in with GOOGLE


If you do not have an external account, but do have a local account, you can still log in:

  1. Home
  2. MARC view: Managing complexity in global organizations /
Normal view MARC view ISBD view

Managing complexity in global organizations / (Record no. 23304)

[ view plain ]
MARC details
000 -LEADER
fixed length control field 00707nam a2200229 a 4500
005 - DATE AND TIME OF LATEST TRANSACTION
control field 20140310183448.0
008 - FIXED-LENGTH DATA ELEMENTS--GENERAL INFORMATION
fixed length control field 081127s19uu xx 00 eng d
020 ## - INTERNATIONAL STANDARD BOOK NUMBER
International Standard Book Number 9780470510728
050 ## - LIBRARY OF CONGRESS CALL NUMBER
Classification number HD 62.4
Item number .M3655 2007
245 ## - TITLE STATEMENT
Title Managing complexity in global organizations /
260 ## - PUBLICATION, DISTRIBUTION, ETC. (IMPRINT)
Place of publication, distribution, etc England :
Name of publisher, distributor, etc John Wiley & Sons, Ltd,
Date of publication, distribution, etc 2007.
300 ## - PHYSICAL DESCRIPTION
Extent 283 p. :
Other physical details ill. ;
Dimensions 22 cm.
521 ## - TARGET AUDIENCE NOTE
Target audience note
650 ## - SUBJECT ADDED ENTRY--TOPICAL TERM
Topical term or geographic name as entry element International business enterprises
General subdivision Management.
650 ## - SUBJECT ADDED ENTRY--TOPICAL TERM
Topical term or geographic name as entry element Corporate culture.
650 ## - SUBJECT ADDED ENTRY--TOPICAL TERM
Topical term or geographic name as entry element Technological innovations
General subdivision Management.
650 ## - SUBJECT ADDED ENTRY--TOPICAL TERM
Topical term or geographic name as entry element Business logictics
General subdivision Management.
700 ## - ADDED ENTRY--PERSONAL NAME
Personal name Amann, Wolfgang
700 ## - ADDED ENTRY--PERSONAL NAME
Personal name Maznevski, Martha
942 ## - ADDED ENTRY ELEMENTS (KOHA)
Koha item type Books
Source of classification or shelving scheme Library of Congress Classification
Call number prefix Foreign
Holdings
Withdrawn status Lost status Source of classification or shelving scheme Damaged status Home library Current library Shelving location Date acquired Source of acquisition Cost, normal purchase price Total Checkouts Full call number Barcode Date last seen Copy number Price effective from Koha item type
    Library of Congress Classification   College Library College Library General Circulation Section 11/27/2008 Donation 2957.00   HD 62.4 .M3655 2007 C9969 05/15/2018 1 10/18/2013 Books

Managing complexity in global organizations /

APA

Amann W., Maznevski M., . (2007). Managing complexity in global organizations. England: John Wiley & Sons, Ltd.

Chicago

Amann Wolfgang, Maznevski Martha, . 2007. Managing complexity in global organizations. England: John Wiley & Sons, Ltd.

Harvard

Amann W., Maznevski M., . (2007). Managing complexity in global organizations. England: John Wiley & Sons, Ltd.

MLA

Amann Wolfgang, Maznevski Martha, . Managing complexity in global organizations. England: John Wiley & Sons, Ltd. 2007.

  • Place hold
  • Print
  • Cite
  • Add to your cart (remove)
  • Save record
    BIBTEX Dublin Core MARCXML MARC (non-Unicode/MARC-8) MARC (Unicode/UTF-8) MARC (Unicode/UTF-8, Standard) MODS (XML) RIS
  • More searches
    Search for this title in:
    Other Libraries (WorldCat) Other Databases (Google Scholar) Online Stores (Bookfinder.com) Open Library (openlibrary.org)

Exporting to Dublin Core...

SOUTHVILLE LIBRARY

Southville International School and Colleges Library

1281 Tropical Ave. Cor. Luxembourg St., BF Homes International, Las Pinas City

Tel. No. 8256374 / 252358 Loc. 117/146

Powered by Koha